Govt. of
Madhya Pradesh

इलेवन मिनटस ( द अलकेमिज्ञट के लेखक) (Record no. 66666)

MARC details
000 -LEADER
fixed length control field 00367nam a22000977a 4500
100 ## - MAIN ENTRY--AUTHOR NAME
Personal name कोएलो,पाओलो
245 ## - TITLE STATEMENT
Title इलेवन मिनटस ( द अलकेमिज्ञट के लेखक)
260 ## - PUBLICATION, DISTRIBUTION, ETC. (IMPRINT)
Place of publication भोपाल
Name of publisher मंजुल पब्लिकेशन
Year of publication 2022
650 ## - SUBJECT ADDED ENTRY--TOPICAL TERM
Topical Term उपन्‍यास
942 ## - ADDED ENTRY ELEMENTS (KOHA)
Koha item type Hindi Books
Holdings
Withdrawn status Lost status Damaged status Not for loan Home library Current library Date acquired Cost, normal purchase price Full call number Accession Number Price effective from Koha item type
        MACL MACL 17/01/2024 299.00 891.433/COE/N DPI002013 17/01/2024 Hindi Books